Neural networks and fuzzy system a dynamical system approach to machine itelligence - with dislette (Record no. 580100)

000 -LEADER
fixed length control field 00484nam a22001697a 4500
003 - CONTROL NUMBER IDENTIFIER
control field CEME
005 - DATE AND TIME OF LATEST TRANSACTION
control field 20210628205241.0
008 - FIXED-LENGTH DATA ELEMENTS--GENERAL INFORMATION
fixed length control field 210223b xxu||||| |||| 00| 0 eng d
020 ## - INTERNATIONAL STANDARD BOOK NUMBER
International Standard Book Number 81-203-0868-9
040 ## - CATALOGING SOURCE
Transcribing agency .
082 ## - DEWEY DECIMAL CLASSIFICATION NUMBER
Classification number 621.3192 KOS'N
100 ## - MAIN ENTRY--PERSONAL NAME
Personal name Koska, Bart
9 (RLIN) 74584
245 ## - TITLE STATEMENT
Title Neural networks and fuzzy system a dynamical system approach to machine itelligence - with dislette
260 ## - PUBLICATION, DISTRIBUTION, ETC.
Place of publication, distribution, etc. NEWDELHI
Name of publisher, distributor, etc. PRENTICE HALL
Date of publication, distribution, etc. 1997
300 ## - PHYSICAL DESCRIPTION
Extent XXVII, 449P
942 ## - ADDED ENTRY ELEMENTS (KOHA)
Koha item type Book
Source of classification or shelving scheme
Holdings
Withdrawn status Lost status Damaged status Not for loan Permanent Location Current Location Shelving location Date acquired Total Checkouts Full call number Barcode Date last seen Price effective from Koha item type
        College of Electrical & Mechanical Engineering (CEME) College of Electrical & Mechanical Engineering (CEME) General Stacks 05/09/2017   621.3192 KOS'N CEME-31262 06/28/2021 06/28/2021 Book
© 2023 Central Library, National University of Sciences and Technology. All Rights Reserved.